00522cam a22002171 4500001001300000003000400013005001700017008004100034010001700075035002000092040001800112042001200130050001900142100003600161245001800197260001600215300001800231500001500249650002300264999001700287sa 68002523 DLC20260227112444.0890504s1963 np 000 0 newo  asa 68002523  a(OCoLC)19657039 aDLCcWaUdDLC apremarc00aPL3801.N56bB31 aBajracharya, Barnabajra,d1921-10aChayākaṃ. c[1963 or 4] a56 p.c19 cm. aIn Newari. 0aNewari literature. c78793d78793